=LDR 00000nam 2200000 4500 =001 INLIS000000000047199 =005 20200205010948 =035 ##$$a 0010-091500000000029 =008 200205################g##########0#ind## =082 ##$$a 070.5 =090 ##$$a 070.5 pam p =100 ##$$a Pambudi, Hassan =245 1#$$a Pedoman dasar penerbitan buku /$c Hassan Pambudi =260 ##$$a jakarta :$b Pustaka Sinar Harapan,$c 1996 =300 ##$$a vii, 230 hlm ; $c 20 x 15 cm. =850 ##$$aNBPNMAT =084 ##$$a 070.5 PAM p =250 ##$$a cet.4 =650 34$$a Buku-Industri dan peragangan =520 ##$$a Bibliografi: hlm. 229-230 =990 ##$$a 114.896/Pro-97 =990 ##$$a DW00023547 =990 ##$$a 00030003 =990 ##$$a 114.895/Pro-97 =990 ##$$a 114.896/Pro-97 =990 ##$$a DW00023547